00555nam a22001817a 450000500170000001000150001702000260003203500140005803700130007208200080008510000180009324500810011126000440019227000610023630000220029750000330031970000210035220190327154623.0 aENG-124948 a9788193732939c595.00 aEN-108480 bDBAD/PUB a401 aChomsky, Noam aWhat kind of creatures are we?/cby Noam Chomsky; foreword by Akeel Bilgrami aNew Delhi (India) bTulika Books c2018 a44, first floor, shahpur Jat,bNew Delhi (India)e110049 a150p. c23cm.(Hb) aIt includes Notes and Index. a Bilgrami, Akeel